000
00322nam a2200157Ia 4500
100
_a
Stark/Jonathan
650
_a
Android
942
_c
BK
366
_f
25
245
_a
Building android application
260
_b
SPD
_c
2012
082
_a
5.133
_b
STA
300
_a
158
546
_a
ENGLISH
_c
electronics
999
_c
28406
_d
28406